000 00466pab a2200169 454500
008 180718b2014 xxu||||| |||| 00| 0 eng d
100 _aUpadhyay, Dinoj Kumar
245 _aCoping with climate change India-EU cooperation on renewable energy and clean technology
260 _c2014
300 _ap.241-256.
362 _aSep
650 _aRenewable energy sources
650 _aClimatic change
773 _aIndia Quarterly
908 _aN
909 _a105110
999 _c105105
_d105105